| 000 | 00649cam a22002052 4500 | ||
|---|---|---|---|
| 001 | 0000007009 | ||
| 005 | 20151021151110.0 | ||
| 008 | 071107s xx 000 0 eng d | ||
| 020 |
_a9966219331 : _cKES 160 |
||
| 040 |
_aKABU _cKABU |
||
| 245 | 1 | 0 | _aCatholic Bishops of Africa and Madagascar speak out on HIV & AIDS. |
| 250 | _a2nd ed. | ||
| 260 |
_aNairobi : _bPaulines, _c2006. |
||
| 300 |
_a152 p. ; _c. |
||
| 650 | 0 |
_aAIDS (Disease) _cAfrica. _@0000157752 |
|
| 650 | 0 |
_aAIDS (Disease) _xReligious aspects _xChritianity. _@0000158019 |
|
| 908 | _a071107 | ||
| 950 | _@1 | ||
| 999 |
_c676 _d676 |
||